Inclusive green growth (Record no. 80870)
[ view plain ]
| 000 -LEADER | |
|---|---|
| fixed length control field | 01726nam a2200349 a 4500 |
| 082 04 - DEWEY DECIMAL CLASSIFICATION NUMBER | |
| Classification number | 338.9/27 |
| 245 00 - TITLE STATEMENT | |
| Title | Inclusive green growth |
| 260 ## - PUBLICATION, DISTRIBUTION, ETC. (IMPRINT) | |
| Place of publication | Washington, D.C. : |
| Name of publisher | World Bank, |
| Year of publication | c2012. |
| 300 ## - PHYSICAL DESCRIPTION | |
| Number of Pages | xvi, 171 p. : |
| Other physical details | ill. |
| 500 ## - GENERAL NOTE | |
| General note | "This report was written by a team led by Marianne Fay [... et al.]." |
| 505 0# - FORMATTED CONTENTS NOTE | |
| Formatted contents note | An analytical framework for green growth -- Fostering environment-friendly behavioral change through market and non-market mechanisms -- Innovation and other industrial policies -- Human capital: implications of green growth policies for labor markets and job creation -- Natural capital -- Physical capital: the role of infrastructure in green growth strategies -- Crafting a green growth strategy. |
| 650 #0 - SUBJECT ADDED ENTRY--TOPICAL TERM | |
| Topical Term | Sustainable development. |
| Topical Term | Economic development |
| 700 1# - ADDED ENTRY--PERSONAL NAME | |
| Personal name | Fay, Marianne. |
| 856 40 - ELECTRONIC LOCATION AND ACCESS | |
| Uniform Resource Identifier | http://site.ebrary.com/lib/rucke/Doc?id=10571262 |
No items available.
